| 000 | 00927nac a22002531u 4500 | ||
|---|---|---|---|
| 010 | _a 99038508 | ||
| 020 | _a082477390X | ||
| 035 | _a(DLC) 99038508 | ||
| 082 | 0 | 0 |
_a660.62 _bLEE |
| 090 |
_c6335 _d6335 |
||
| 100 | _aLee, Sang Yup. | ||
| 245 | 0 | 0 |
_aMetabolic engineering / _cedited by Sang Yup Lee, Eleftherios T. Papoutsakis. |
| 260 |
_aNew York : _bMarcel Dekker,c.1999. _cc.1999. |
||
| 300 |
_axxii, 423 p. : _bill. ; _c24 cm. |
||
| 440 | 0 |
_aBioprocess technology ; _vv. 24 |
|
| 500 | _aDistributer: Al-Ahram. | ||
| 504 | _aIncludes bibliographical references and index. | ||
| 511 | _aCatalogued By: Mahitab. | ||
| 650 | 0 | _aMicrobial biotechnology. | |
| 650 | 0 | _aMicrobial genetic engineering. | |
| 700 | 1 |
_aPapoutsakis, E. Terry, _d1951- |
|
| 856 | 4 | 2 |
_3Publisher description _uhttp://www.loc.gov/catdir/enhancements/fy0646/99038508-d.html |
| 942 |
_cBB _k660.62LEE |
||
| 999 |
_c6335 _d6335 |
||